Studies in Romans. (Record no. 5678)

000 -LEADER
fixed length control field 00629nam a2200181 a 4500
001 - CONTROL NUMBER
control field :::00003420$&:&@@
003 - CONTROL NUMBER IDENTIFIER
control field OkBaRHE
005 - DATE AND TIME OF LATEST TRANSACTION
control field 20000607103305.0
008 - FIXED-LENGTH DATA ELEMENTS--GENERAL INFORMATION
fixed length control field s1935 j 000 0 eng u
040 ## - CATALOGING SOURCE
Transcribing agency
100 1# - MAIN ENTRY--PERSONAL NAME
Personal name Carroll, B. H. (Benajah Harvey), 1843-1914.
245 10 - TITLE STATEMENT
Title Studies in Romans.
260 ## - PUBLICATION, DISTRIBUTION, ETC. (IMPRINT)
Place of publication, distribution, etc Nashville, TN., :
Name of publisher, distributor, etc Sunday School Board of the Southern Baptist Convention
Date of publication, distribution, etc c1935
300 ## - PHYSICAL DESCRIPTION
Extent 119 p. : front. (port.) ;
Dimensions 19 cm.
650 ## - SUBJECT ADDED ENTRY--TOPICAL TERM
Topical term or geographic name as entry element Bible New Testament Romans
General subdivision Commentaries
942 ## - ADDED ENTRY ELEMENTS (KOHA)
Source of classification or shelving scheme
Koha item type Books
Copies
Full call number Copy number Withdrawn status Date acquired Source of classification or shelving scheme Not for loan Lost status Price effective from Date last seen Barcode Damaged status Koha item type Permanent Location Shelving location
BS 2665 .C351 2010-04-14   2010-04-142018-03-283420 BooksRHEMA Bible Training CollegeGeneral Stacks